[Event "RSA-ch U16 Girls"]
[Site "Gauteng"]
[Date "2017.04.08"]
[Round "7"]
[White "Villoen, Sharise"]
[Black "Van den Berg, Ane"]
[Result "1-0"]
[WhiteElo "1071"]
[BlackElo "1235"]
[PlyCount "44"]
[EventDate "2017.04.05"]
[EventType "swiss"]
[EventRounds "11"]
[EventCountry "RSA"]
[SourceTitle "CBM 177 Extra"]
[Source "ChessBase"]
[SourceDate "2017.04.27"]
[SourceVersion "1"]
[SourceVersionDate "2017.04.27"]
[SourceQuality "1"]

1. e4 d5 2. e5 Bf5 3. d4 e6 4. Be3 c5 5. Nf3 c4 6. c3 Nc6 7. Nbd2 Nge7 8. b3 b5 9. a4 a6 10. Be2 Ng6 11. b4 Be7 12. h3 Rg8 13. g4 Be4 14. Nxe4 dxe4 15. Nd2 Bg5 16. Bxg5 Qxg5 17. Nxe4 Qf4 18. f3 Nh4 19. axb5 Ng2+ 20. Kf2 Ne3 21. Qc1 Nxb4 22. cxb4 Nd5 1-0